Entry Personal Name
Number of records used in: 1
001 - CONTROL NUMBER
003 - CONTROL NUMBER IDENTIFIER
005 - DATE AND TIME OF LATEST TRANSACTION
- control field:
20210705132156.0
008 - FIXED-LENGTH DATA ELEMENTS
- fixed length control field:
810818n| azannaabn |a aaa
010 ## - LIBRARY OF CONGRESS CONTROL NUMBER
- LC control number:
n 81037317
035 ## - SYSTEM CONTROL NUMBER
- System control number:
(OCoLC)oca00582944
040 ## - CATALOGING SOURCE
- Original cataloging agency:
DLC
- Language of cataloging:
eng
- Description conventions:
rda
- Transcribing agency:
DLC
- Modifying agency:
DLC
- Modifying agency:
UkCU
046 ## - SPECIAL CODED DATES
100 1# - HEADING--PERSONAL NAME
- Personal name:
Floyd, Thomas L.
372 ## - FIELD OF ACTIVITY
- Field of activity:
Electronics
- Source of term:
lcsh
375 ## - GENDER
377 ## - ASSOCIATED LANGUAGE
400 1# - SEE FROM TRACING--PERSONAL NAME
- Personal name:
Floyd, Tom,
- Dates associated with a name:
1939-
670 ## - SOURCE DATA FOUND
- Source citation:
His Digital logic fundamentals, c1977.
670 ## - SOURCE DATA FOUND
- Source citation:
His Electronic devices, c1988:
- Information found:
t.p. (Thomas L. Floyd) p. xi (Tom Floyd)
670 ## - SOURCE DATA FOUND
- Source citation:
Digital fundamentals, c1997:
- Information found:
CIP t.p. (Thomas L. Floyd) data sheet (b. 4/7/39)